000 00405 a2200157 4500
001 190267
020 _a978-85-7516-587-4
040 _cMagnum
100 _aGonçalves Neto, Wenceslau
240 1 0 _aO município e a educação no Brasil
_lpor
245 1 0 _aO município e a educação no Brasil
300 _a310
362 0 _a2012
697 _aEDUCAÇÃO EM GERAL E DISCIPLINAS AFINS
942 _cBK
999 _c190267
_d190267